00329nam a22001217a 4500020001800000041000800018082001200026100002300038245008400061260004100145300000800186650001300194 a9783170381728 aeng a200 BIE aBiehl, Michel (ed) aWitnessing Christ: Contextual And Interconfessional Perspectives on Christology aStuttgart, GermanybKohlhammerc2020 a246 aReligion